000 01063nam a2200349 a 4500
001 000107734
003 CHAP
005 20220329143941.0
008 131025s2012 mx ad |r| ||1|||spa d
010 _a104196
011 _a105168
020 _a9786071507426
040 _cCHAP
082 0 4 _a519.5
_bM3 2012
100 0 0 _aLind, Douglas A.
_966928
245 1 0 _aEstadística apliada a los negocios y la economía /
_cpor Douglas A. Lind, William G. Marchal y Samuel A. Wathen.
250 _a15 ed.
260 _aMéxico :
_bMcGraw-Hill,
_cc2012.
300 _avi, 855p.
534 _pTít. original :
_tStatistical Techniques in Business & Economics
590 _aE11695DGD
_b10
_c20131028
_lUCH01
_h1101
590 _aE5652GLJ
_b05
_c20131025
_lUCH01
_h1445
650 1 4 _aEstadística.
_938241
650 1 4 _aMétodos estadísticos.
_976631
650 1 4 _aProbabilidad.
_991685
650 1 4 _aProbabilidades.
_991687
700 0 _aMarchal, William G.
_971267
700 1 _aWathen, Samuel A.
_9124466
901 _aBK
942 _cLIBRO
942 _n0
999 _c104196
_d104196